Analysis on manifolds.

Salvato in:
Dettagli Bibliografici
Autore principale: Munkres, James Raymond (Autore)
Natura: Sconosciuto
Pubblicazione: Boca Raton, USA: Taylor & Francis Group LLC, 1991.
Serie:The Advanced Book Program.
Soggetti:
Tags: Aggiungi Tag
Nessun Tag, puoi essere il primo ad aggiungerne!!

MARC

LEADER 00000 a2200000 4500
003 CL-VaPUC
005 20250224122243.0
008 240319t1991 | |||| 00| 0 eng d
999 |c 442107  |d 442105 
020 |a 978-0-201-31596-7 
040 |c Pontificia Universidad Católica de Valparaíso 
082 7 |a 516.3620 MUN 1991  |2 22 
100 |a Munkres, James Raymond  |9 305022  |e author 
245 |a Analysis on manifolds. 
260 |a Boca Raton, USA:   |b Taylor & Francis Group LLC,   |c 1991. 
300 |a xi, 366 páginas.  
490 |a The Advanced Book Program.  
583 |k GC  |c 20240319 
650 0 |a Análisis matemático   |9 260146 
650 0 |a Variedades matemáticas   |9 270449 
942 |2 ddc  |c BK 
952 |0 0  |1 0  |2 ddc  |4 0  |6 516_362000000000000_MUN_1991  |7 0  |8 A  |9 593727  |a BIBMAT  |b BIBMAT  |d 2024-03-19  |e 1  |g 99438.00  |i 5660416  |l 1  |m 2  |o 516.3620 MUN 1991  |p 5660416  |r 2025-01-07  |s 2024-09-05  |t 1  |v 99438.00  |w 2024-03-19  |y BK  |k MMA 
952 |0 0  |1 0  |2 ddc  |4 0  |6 516_362000000000000_MUN_1991  |7 0  |8 A  |9 593886  |a BIBMAT  |b BIBMAT  |d 2024-03-28  |e 1  |g 99438.00  |i 5660532  |l 1  |o 516.3620 MUN 1991  |p 5660532  |r 2025-01-07  |s 2024-09-24  |t 2  |v 99438.00  |w 2024-03-28  |y BK  |k MMA